[Event "Albena op-B"]
[Site "Albena"]
[Date "2015.06.17"]
[Round "1"]
[White "Lornye, Pylyp"]
[Black "Talmaci, Alexandru"]
[Result "1-0"]
[WhiteElo "2214"]
[BlackElo "1893"]
[PlyCount "73"]
[EventDate "2015.06.17"]
[EventType "swiss"]
[EventRounds "9"]
[EventCountry "BUL"]
[SourceTitle "CBM 167 Extra"]
[Source "ChessBase"]
[SourceDate "2015.09.14"]
[SourceVersion "1"]
[SourceVersionDate "2015.09.14"]
[SourceQuality "1"]

1. Nf3 Nf6 2. g3 d5 3. Bg2 g6 4. 0-0 Bg7 5. d3 0-0 6. Nbd2 Nbd7 7. e4 dxe4 8. dxe4 Ng4 9. Qe2 Nge5 10. Rd1 Qe8 11. h3 Nxf3+ 12. Nxf3 e5 13. b3 Qe7 14. a4 b6 15. Ba3 c5 16. Nd2 Rd8 17. a5 Nf8 18. axb6 axb6 19. Bxc5 Qxc5 20. Rxa8 Bg4 21. hxg4 Rxa8 22. Nc4 Ne6 23. Rd5 Ra1+ 24. Bf1 Qe7 25. c3 Nc5 26. b4 Ne6 27. Qd3 h6 28. Rd7 Qf8 29. Nd6 Ng5 30. Nb5 Kh7 31. Qd5 Qe8 32. Kg2 Nxe4 33. Nc7 Qc8 34. Qxf7 Qg8 35. Ne6 Qxf7 36. Rxf7 Ng5 37. Rxg7+ 1-0

[Event "Varna op-B 8th"]
[Site "Varna"]
[Date "2014.06.22"]
[Round "4"]
[White "Gochev, Plamen"]
[Black "Talmaci, Alexandru"]
[Result "1-0"]
[WhiteElo "1961"]
[BlackElo "1696"]
[PlyCount "85"]
[EventDate "2014.06.19"]
[EventType "swiss"]
[EventRounds "9"]
[EventCountry "BUL"]
[SourceTitle "CBM 161 Extra"]
[Source "ChessBase"]
[SourceDate "2014.08.29"]
[SourceVersion "1"]
[SourceVersionDate "2014.08.29"]
[SourceQuality "1"]

1. c4 e6 2. Nc3 Nf6 3. d4 Bb4 4. Bd2 b6 5. Nf3 Bb7 6. Rc1 d6 7. Qa4+ Nc6 8. d5 exd5 9. cxd5 Bxc3 10. Bxc3 Nxd5 11. Bxg7 Rg8 12. Qe4+ Qe7 13. Qxd5 Rxg7 14. Rxc6 Qd7 15. Nd4 Bxc6 16. Nxc6 Qe6 17. Qxe6+ fxe6 18. g3 Kd7 19. Bg2 d5 20. Ne5+ Kd6 21. f4 c5 22. Kf2 Rc8 23. e4 Re7 24. Rd1 d4 25. Bf1 Kc7 26. Ba6 Rb8 27. Rc1 Kd6 28. a4 Rc7 29. g4 Rf8 30. Kg3 Rg7 31. h4 Rfg8 32. h5 Rc7 33. Bc4 Ra8 34. Ba6 Rg8 35. Bd3 Ke7 36. g5 Rgc8 37. Kg4 Rb7 38. f5 exf5+ 39. exf5 Kd6 40. Nc4+ Kd5 41. Re1 Rbc7 42. Re6 Rd7 43. b3 1-0

[Event "Varna op-B 8th"]
[Site "Varna"]
[Date "2014.06.20"]
[Round "2"]
[White "Stjazhkina, Olga"]
[Black "Talmaci, Alexandru"]
[Result "1-0"]
[WhiteElo "2207"]
[BlackElo "1696"]
[PlyCount "51"]
[EventDate "2014.06.19"]
[EventType "swiss"]
[EventRounds "9"]
[EventCountry "BUL"]
[SourceTitle "CBM 161 Extra"]
[Source "ChessBase"]
[SourceDate "2014.08.29"]
[SourceVersion "1"]
[SourceVersionDate "2014.08.29"]
[SourceQuality "1"]

1. e4 c6 2. c4 e6 3. e5 d6 4. exd6 Bxd6 5. d4 Nf6 6. Nf3 Nbd7 7. Nc3 0-0 8. Be2 e5 9. 0-0 exd4 10. Qxd4 Qc7 11. Rd1 Bc5 12. Qh4 Nb6 13. Bg5 Qe7 14. Bd3 h6 15. Re1 Be6 16. Ne4 Bxf2+ 17. Kxf2 Nxe4+ 18. Qxe4 f5 19. Bxe7 fxe4 20. Bxf8 exd3 21. Rxe6 Rxf8 22. b3 Rd8 23. Rd1 Kf7 24. Re3 d2 25. Rxd2 Rxd2+ 26. Nxd2 1-0

[Event "Iasi op"]
[Site "Iasi"]
[Date "2014.05.13"]
[Round "4"]
[White "Macovei, Andrei"]
[Black "Talmaci, Alexandru"]
[Result "1-0"]
[WhiteElo "1907"]
[BlackElo "1651"]
[PlyCount "78"]
[EventDate "2014.05.10"]
[EventType "swiss"]
[EventRounds "9"]
[EventCountry "ROU"]
[SourceTitle "CBM 160 Extra"]
[Source "ChessBase"]
[SourceDate "2014.07.01"]
[SourceVersion "1"]
[SourceVersionDate "2014.07.01"]
[SourceQuality "1"]

1. e4 e6 2. d4 d5 3. Nc3 Nf6 4. e5 Nfd7 5. f4 c5 6. Nf3 Nc6 7. Be3 a6 8. Qd2 b5 9. a3 Qb6 10. Ne2 Bb7 11. g3 cxd4 12. Nexd4 Nxd4 13. Nxd4 Bc5 14. Bg2 0-0 15. 0-0 f6 16. b4 Bxd4 17. Bxd4 Qc7 18. Rae1 f5 19. Qf2 a5 20. Ra1 Ra6 21. Rfb1 Rfa8 22. Bf1 Bc6 23. Bd3 axb4 24. axb4 Rxa1 25. Rxa1 Rxa1+ 26. Bxa1 Nb6 27. Bd4 Nc4 28. h3 g6 29. g4 Be8 30. Qh4 Qf7 31. Qf2 Qc7 32. Kg2 Qe7 33. Bc5 Qb7 34. Kh2 Qf7 35. Kg3 Qb7 36. Qe1 Qf7 37. Qc1 Qd7 38. Kf2 Qd8 39. g5 Qd7 1-0

[Event "Iasi op"]
[Site "Iasi"]
[Date "2014.05.10"]
[Round "1"]
[White "Talmaci, Alexandru"]
[Black "Morozov, Nichita"]
[Result "0-1"]
[WhiteElo "1651"]
[BlackElo "2175"]
[PlyCount "49"]
[EventDate "2014.05.10"]
[EventType "swiss"]
[EventRounds "9"]
[EventCountry "ROU"]
[SourceTitle "CBM 160 Extra"]
[Source "ChessBase"]
[SourceDate "2014.07.01"]
[SourceVersion "1"]
[SourceVersionDate "2014.07.01"]
[SourceQuality "1"]

1. d4 Nf6 2. c4 e6 3. Nc3 b6 4. Nf3 Bb7 5. e3 d5 6. cxd5 exd5 7. Bd3 Bd6 8. 0-0 0-0 9. b3 a6 10. Bb2 Re8 11. Ne2 Ne4 12. Ng3 Nxg3 13. hxg3 Nd7 14. Bf5 Nf6 15. Nd2 Qe7 16. Re1 Rad8 17. Qc2 g6 18. Bh3 h5 19. a4 Ne4 20. Nxe4 dxe4 21. g4 hxg4 22. Bxg4 Kh7 23. Bh3 g5 24. Qd1 f5 25. Bxf5+ 0-1

[Event "Kishinev op"]
[Site "Kishinev"]
[Date "2014.01.22"]
[Round "5"]
[White "Talmaci, Alexandru"]
[Black "Ceres, Dragos"]
[Result "1-0"]
[WhiteElo "1641"]
[BlackElo "1507"]
[PlyCount "159"]
[EventDate "2014.01.18"]
[EventType "swiss"]
[EventRounds "9"]
[EventCountry "MDA"]
[SourceTitle "EXT 2016"]
[Source "ChessBase"]
[SourceDate "2015.10.08"]
[SourceVersion "1"]
[SourceVersionDate "2015.10.08"]
[SourceQuality "1"]

1. d4 Nf6 2. c4 g6 3. Nc3 Bg7 4. e4 d6 5. Nf3 0-0 6. Be2 e5 7. 0-0 Nc6 8. d5 Ne7 9. b4 Nd7 10. Bd3 f5 11. Bb2 h6 12. Qc2 a5 13. a3 f4 14. Na4 g5 15. Nd2 c6 16. dxc6 bxc6 17. b5 Bb7 18. Qb3 Kh8 19. f3 Rb8 20. Qd1 cxb5 21. cxb5 d5 22. Rc1 Rc8 23. Rxc8 Qxc8 24. Qe2 Qb8 25. Rc1 Rc8 26. Qd1 Qa7+ 27. Kf1 Qe3 28. Rxc8+ Bxc8 29. Qe2 Qa7 30. Nb3 Nb6 31. Nxb6 Qxb6 32. Qf2 d4 33. Qc2 Bd7 34. Qc5 Qd8 35. b6 a4 36. Na5 Bf6 37. b7 Qb8 38. Bb5 Bxb5+ 39. Qxb5 Kg7 40. Nc6 Nxc6 41. Qxc6 Bd8 42. Qd7+ Kg6 43. Qc6+ Kg7 44. Qd7+ Kg6 45. Qe8+ Kg7 46. Qd7+ Kg6 47. Qe6+ Kg7 48. Qd7+ Kg6 49. Qc6+ Kg7 50. Qc8 Bc7 51. Bc1 Kf6 52. Bd2 Ke7 53. Bb4+ Kf6 54. Ba5 Bd6 55. Bb4 Bc7 56. Bc5 d3 57. Qf5+ Kg7 58. Qd7+ Kh8 59. Qc8+ Kg7 60. Qxb8 Bxb8 61. Ke1 Kf7 62. Kd2 Ke6 63. Kxd3 Kd7 64. Kc4 Kc6 65. Be7 Kd7 66. Bf8 h5 67. h3 Kc6 68. Be7 Kxb7 69. Kb5 Bc7 70. Bxg5 Bd6 71. Kxa4 Ka6 72. Bh4 Bc5 73. Kb3 Bf8 74. a4 Ka5 75. Bd8+ Ka6 76. Kc4 Bd6 77. Kd5 Bb8 78. Bf6 Ka5 79. Bxe5 Bxe5 80. Kxe5 1-0

[Event "Varna op 7th"]
[Site "Varna"]
[Date "2013.06.26"]
[Round "8"]
[White "Talmaci, Alexandru"]
[Black "Tishova, Svetlana"]
[Result "0-1"]
[WhiteElo "1581"]
[BlackElo "1702"]
[PlyCount "56"]
[EventDate "2013.06.19"]
[EventType "swiss"]
[EventRounds "9"]
[EventCountry "BUL"]
[SourceTitle "CBM 155 Extra"]
[Source "ChessBase"]
[SourceDate "2013.08.26"]
[SourceVersion "1"]
[SourceVersionDate "2013.08.26"]
[SourceQuality "1"]

1. e4 c5 2. Nf3 d6 3. c3 Nf6 4. Bd3 Bg4 5. h3 Bh5 6. 0-0 e6 7. Re1 Nc6 8. Bb5 Qb6 9. Bxc6+ Qxc6 10. Qe2 Rc8 11. d3 Be7 12. Bf4 0-0 13. Nbd2 Rfd8 14. Qe3 d5 15. e5 d4 16. Qe2 Nd5 17. Bg3 dxc3 18. bxc3 Nxc3 19. Qf1 Bg6 20. Re3 Nd5 21. Ree1 Nb4 22. Rec1 Bxd3 23. Qd1 c4 24. a3 Nd5 25. Ne1 Nb6 26. a4 a5 27. Qg4 Bf5 28. Qe2 Bb4 0-1

[Event "Wch U12"]
[Site "Maribor"]
[Date "2012.11.17"]
[Round "10.53"]
[White "Talmaci, Alexandru"]
[Black "Radovanovic, Mihajlo"]
[Result "0-1"]
[WhiteElo "1602"]
[BlackElo "1805"]
[PlyCount "90"]
[EventDate "2012.11.08"]
[EventType "swiss"]
[EventRounds "11"]
[EventCountry "SLO"]
[SourceTitle "EXT 2013"]
[Source "ChessBase"]
[SourceDate "2012.11.22"]
[SourceVersion "1"]
[SourceVersionDate "2012.11.22"]
[SourceQuality "1"]

1. e4 c5 2. Nf3 d6 3. d4 cxd4 4. Nxd4 Nf6 5. Nc3 g6 6. Bc4 Bg7 7. h3 0-0 8. 0-0 Nc6 9. Be3 Bd7 10. Bb3 Rc8 11. f4 a6 12. f5 Ne5 13. Nf3 Bc6 14. Nxe5 dxe5 15. Qf3 b5 16. Rad1 Qc7 17. Bg5 Qb7 18. Bxf6 Bxf6 19. a3 a5 20. Kh1 Qa7 21. fxg6 hxg6 22. Qg4 Kg7 23. Rf3 b4 24. Nd5 Bxd5 25. Bxd5 Rxc2 26. axb4 axb4 27. b3 Qa2 28. Rg3 g5 29. Qh5 Qa6 30. h4 Rc3 31. Rxc3 bxc3 32. Rc1 e6 33. Bc4 Qa3 34. Qd1 Rh8 35. Rxc3 Rxh4+ 36. Rh3 Rxe4 37. Qb1 Rh4 38. Rxh4 gxh4 39. Qd1 Bg5 40. Qg4 Qc1+ 41. Kh2 Kh6 42. Qe2 Bf4+ 43. Kh3 f5 44. Qf1 Qe3+ 45. Qf3 Qg1 0-1

[Event "Wch U12"]
[Site "Maribor"]
[Date "2012.11.14"]
[Round "7.76"]
[White "Figar, Rok"]
[Black "Talmaci, Alexandru"]
[Result "0-1"]
[WhiteElo "1288"]
[BlackElo "1602"]
[PlyCount "68"]
[EventDate "2012.11.08"]
[EventType "swiss"]
[EventRounds "11"]
[EventCountry "SLO"]
[SourceTitle "EXT 2013"]
[Source "ChessBase"]
[SourceDate "2012.11.22"]
[SourceVersion "1"]
[SourceVersionDate "2012.11.22"]
[SourceQuality "1"]

1. e4 e6 2. d4 d5 3. exd5 exd5 4. Nf3 Nf6 5. Nc3 Bd6 6. Bb5+ c6 7. Bd3 0-0 8. 0-0 Bg4 9. h3 Bh5 10. Re1 Nbd7 11. Be3 Qc7 12. g3 Bxg3 13. Kf1 Bf4 14. Bxf4 Qxf4 15. Be2 Ne4 16. Kg2 Bxf3+ 17. Bxf3 Qg5+ 18. Kf1 Nd2+ 19. Ke2 Rae8+ 20. Kd3 Rxe1 21. Qxe1 Nxf3 22. Qe3 Qxe3+ 23. Kxe3 Ng5 24. h4 Re8+ 25. Kd2 Nf3+ 26. Kc1 Re1+ 27. Nd1 Nxd4 28. c3 Nf3 29. Kc2 Nc5 30. b4 Re2+ 31. Kc1 Nd3+ 32. Kb1 Rd2 33. a4 Rxd1+ 34. Ka2 Rxa1+ 0-1

[Event "Varna op 6th"]
[Site "Varna"]
[Date "2012.07.16"]
[Round "5"]
[White "Ivelinov, Hristo"]
[Black "Talmaci, Alexandru"]
[Result "1/2-1/2"]
[WhiteElo "2226"]
[BlackElo "1998"]
[PlyCount "76"]
[EventDate "2012.07.11"]
[EventType "swiss"]
[EventRounds "9"]
[EventCountry "BUL"]
[SourceTitle "CBM 149 Extra"]
[Source "ChessBase"]
[SourceDate "2012.08.24"]
[SourceVersion "1"]
[SourceVersionDate "2012.08.24"]
[SourceQuality "1"]

1. d4 d5 2. c4 c6 3. Nf3 Nf6 4. Nc3 Bf5 5. cxd5 Nxd5 6. Qb3 Qb6 7. Nxd5 Qxb3 8. Nc7+ Kd7 9. axb3 Kxc7 10. Bf4+ Kc8 11. e3 Nd7 12. Bc4 e6 13. Nh4 Bg6 14. Nxg6 hxg6 15. e4 b5 16. Bd3 Kb7 17. Ke2 Nb6 18. Rhc1 Rc8 19. Rc2 Bb4 20. h3 a5 21. Rac1 Rhd8 22. Be3 a4 23. bxa4 Nxa4 24. f3 Nb6 25. Bf2 Be7 26. b3 Bf6 27. e5 Be7 28. Be4 Nd5 29. Be1 Ba3 30. Ra1 Ra8 31. Bxd5 cxd5 32. b4 Rdc8 33. Rxc8 Kxc8 34. Bc3 Ra4 35. Kd3 Kb7 36. Kc2 Bxb4 37. Rxa4 Bxc3 38. Kxc3 bxa4 1/2-1/2

[Event "Varna op 5th"]
[Site "Varna"]
[Date "2011.07.10"]
[Round "9"]
[White "Georgiev, Biser"]
[Black "Talmaci, Alexandru"]
[Result "1-0"]
[WhiteElo "2263"]
[BlackElo "1933"]
[PlyCount "41"]
[EventDate "2011.07.03"]
[EventType "swiss"]
[EventRounds "9"]
[EventCountry "BUL"]
[SourceTitle "CBM 143 Extra"]
[Source "ChessBase"]
[SourceDate "2011.08.29"]
[SourceVersion "1"]
[SourceVersionDate "2011.08.29"]
[SourceQuality "1"]

1. e4 c5 2. Nc3 e6 3. b3 d5 4. exd5 exd5 5. Bb5+ Nc6 6. Qe2+ Be7 7. Ba3 Be6 8. Na4 c4 9. Bxc6+ bxc6 10. Bxe7 Qxe7 11. Nf3 cxb3 12. cxb3 Bf5 13. Qxe7+ Kxe7 14. Nd4 Bd7 15. f3 Kd6 16. Rc1 Re8+ 17. Kf2 Ne7 18. Rhe1 Nc8 19. Re3 Re7 20. Nc5 Rhe8 21. Nb5+ 1-0

[Event "Varna op 5th"]
[Site "Varna"]
[Date "2011.07.04"]
[Round "2"]
[White "Shishkov, Minko"]
[Black "Talmaci, Alexandru"]
[Result "1-0"]
[WhiteElo "2295"]
[BlackElo "1933"]
[PlyCount "138"]
[EventDate "2011.07.03"]
[EventType "swiss"]
[EventRounds "9"]
[EventCountry "BUL"]
[SourceTitle "CBM 143 Extra"]
[Source "ChessBase"]
[SourceDate "2011.08.29"]
[SourceVersion "1"]
[SourceVersionDate "2011.08.29"]
[SourceQuality "1"]

1. d4 d5 2. Nf3 Nf6 3. c4 c6 4. e3 Bf5 5. Nc3 e6 6. Nh4 Bg6 7. Nxg6 hxg6 8. Qe2 Nbd7 9. g3 Bd6 10. Bg2 0-0 11. 0-0 Rc8 12. Rd1 Re8 13. e4 dxe4 14. Nxe4 Nxe4 15. Qxe4 Nf6 16. Qc2 Qe7 17. Bg5 Red8 18. Rac1 Rd7 19. Rd3 Rcd8 20. Rcd1 Bc7 21. Qc3 Bb6 22. c5 Bc7 23. f4 Rc8 24. b4 Bd8 25. a4 Qe8 26. Qe1 Nd5 27. Bxd8 Qxd8 28. b5 Qf6 29. Qe5 Rcd8 30. Kf2 Ne7 31. Be4 Qxe5 32. fxe5 Kf8 33. Ke3 Nd5+ 34. Bxd5 Rxd5 35. bxc6 bxc6 36. Rb1 f6 37. exf6 gxf6 38. Rb7 R5d7 39. Rxd7 Rxd7 40. Rb3 Kf7 41. a5 e5 42. dxe5 fxe5 43. Rd3 Rb7 44. Rd6 Rb5 45. Rxc6 Rxa5 46. Ke4 Ra2 47. Kxe5 Rxh2 48. Rc7+ Ke8 49. Rxa7 Rg2 50. Ke6 Kd8 51. Kd6 Kc8 52. Kc6 Kb8 53. Ra3 g5 54. Rb3+ Kc8 55. Rf3 Kd8 56. Rd3+ Kc8 57. Kd6 g4 58. Ra3 Kb8 59. Kc6 Rg1 60. Re3 Rg2 61. Rc3 Kc8 62. Kd6 Rd2+ 63. Ke5 Kc7 64. Rc4 Kc6 65. Kf4 Rd8 66. Kxg4 Rg8+ 67. Kh3 Rh8+ 68. Kg2 Rg8 69. Kf3 Rf8+ 1-0